002230000a220007300045001000019000002450075000193000043000947730012001371 aMaclure, David10aWholly available? : Missionary motivation where consumer choice reigns aVol. 20, Núm 3 (2002), Páginas 1-40 tEvangel